| 000 | 00353nam a2200133Ia 4500 | ||
|---|---|---|---|
| 008 | 240624s9999 xx 000 0 und d | ||
| 041 | _aeng | ||
| 082 | _a338.8 CHA | ||
| 100 | _aCHANDLER ALFRED D | ||
| 245 | _aLEVIATHANS MULTINATIONAL CORPORATIONS AN | ||
| 260 |
_c2005 _aNew York _bCambridge University Press |
||
| 300 | _a264 : p. | ||
| 365 |
_cBPS _b28 |
||
| 999 |
_c22324 _d22324 |
||